=LDR 00000nam 2200000 4500 =001 INLIS000000000024026 =005 20130612122634 =008 ***********************************Ind** =035 ##$$0010-061300000024026 =041 ##$$a Ind =082 ##$$a 382.3 =090 ##$$a 382.3, Ros k =100 ##$$a Reserance, Richard =245 ##$$a Kebangkitan negara dagang, Peragangan dan pendahuluan di dunia modern, Richard Ruserance =260 ##$$a 1991 $b Jakarta =300 ##$$a 336 hlm, 21 cm =650 ##$$a Perdagangan politik =850 ##$$a NBPNMAT